000 00436nam a22001577a 4500
082 _aS 891.280 2
_bPUR/U
100 _aPurna Chandra De
245 _aUdbhatasagara:
_banthology of sanskrit epigrams/
_cby Purna Chandra De (comp.)
260 _aDelhi:
_bSharada,
_c1993.
300 _a184p.
650 _aEpigrams Sanskrit
650 _aLiterature Sanskrit
650 _aLiterature
700 _aPurna Chandra De (comp.)
942 _cBK
999 _c63027
_d63027